| 000 | 00577nam a2200169 i 4500 | ||
|---|---|---|---|
| 001 | 100084 | ||
| 003 | ES-MaACL | ||
| 005 | 20230906182614.0 | ||
| 007 | t| | ||
| 008 | 050921s1947 ag ||||1| spa d | ||
| 100 | 1 |
_aMartínez Silva, Carlos. _978432 |
|
| 245 | 1 | 0 |
_aTratado de pruebas judiciales / _cCarlos Martínez Silva; precedido por un estudio biográfico del autor por el Dr. Carlos Martínez Delgado. |
| 260 |
_aBuenos Aires : _bAtalaya, _c1947. |
||
| 300 |
_a156 p. ; _c23 cm. |
||
| 700 | 1 |
_aMartínez Delgado, Carlos. _978054 |
|
| 852 |
_aES-MaACL _jC-4259 _bR.24043 |
||
| 999 |
_c100084 _d100084 |
||